Altın Ordu ve çöküşü / (Record no. 15920)

MARC details
000 -BAŞLIK
Sabit Uzunlukta Kontrol Alanı 00840nam a22002297a 4500
999 ## - SİSTEM KONTROL NUMARALARI (KOHA)
Koha Biblionumber 15920
Koha Biblioitemnumber 15921
003 - KONTROL NUMARASI IDENTIFIER
Denetim Alanı MIRAKIL
005 - SON İŞLEM TARİHİ VE ZAMANI
Denetim Alanı 20240429120758.0
008 - SABİT-BOY VERİ ELEMANLARI - GENEL BİLGİLER
Sabit Uzunlukta Kontrol Alanı 240422b tu ||||| |||| 00| 0 tur d
020 ## - ULUSLARARASI STANDART KİTAP NUMARASI
Uluslararası Standart Kitap Numarası 9789751605078
040 ## - KATALOGLAMA KAYNAK
Orijinal Kataloglama Ajansı TR-AnCHP
Metne Dönüştürmek Ajansı TR-AnCHP
041 ## - DİL KODU
Metin / Ses Parça Veya Ayrı Başlığın Dil Kodu tur
082 ## - DEWEY ONLU SINIFLANDIRMA NUMARASI
Ürün Numarası Y29a 2021
100 ## - ANA GİRİŞ - KİŞİSEL İSİM
Kişisel Ad Yakubovskiy, Aleksandr Yureviç
245 10 - BAŞLIK TABLOSU
Başlık Altın Ordu ve çöküşü /
Sorumluluk Tablosu, Vb A. Yu. Yakubovskiy ; çeviren Hasan Eren
260 ## - YAYIN, DAĞITIM, VB
Yayın, Dağıtım, Vb Yeri Ankara :
Yayıncı, Dağıtıcı, Vs Adı Türk Tarih Kurumu,
Yayın, Dağıtım, Vb Tarihi 2021.
300 ## - FİZİKSEL TANIM
Kapsam xvii, 274 sayfa :
Diğer Fiziksel Ayrıntıları resim ;
Boyutlar 24 cm.
490 0# - SERİSİ TABLOSU
Seri Beyanı Atatürk Kültür, Dil ve Tarih Yüksek Kurumu Türk Tarih Kurumu yayınları, X. dizi ;
Hacim / Ardışık Tanımı sayı: 15 2
504 ## - KAYNAKÇA VB NOT
Kaynakça Vb Notu Kaynakça: 221-233. sayfa<br/>
600 #0 - KONU KATMA GİRİŞ - KURUMSAL ADI
9 (RLIN) 8003
Kişisel Ad Altın Ordu Devleti
Genel Alt Bölümü Tarih
856 ## - ELEKTRONİK YER VE ERİŞİM
Kamu Notu Dijital Nüshası için Partimizin Kütüphane Sorumlusu ile iletişime geçiniz.
942 ## - EKLENDİ GİRİŞ ELEMANLARI (KOHA)
Sınıflandırma Veya Raf Düzeni Kaynak Dewey Decimal Classification
Koha Öğesi Türü Books
Holdings
Kalıcı Konum Mevcut Konum Edinme Tarihi Toplam Check-Out'Lar Tam Çağrı Numarası Barkod Tarih Son Görülme İtibaren Geçerli Fiyatlar Koha Öğesi Türü
CHP Kütüphanesi CHP Kütüphanesi 04/22/2024   956.101 Y29a 2021 21871 04/22/2024 04/22/2024 Books